LDR 00669nam a2200169 i 4500 001 000000092122 003 CaOOAMICUS 005 20260331163023.0 008 020325n it u000 u mul u 040 $aSeMil$bita 245 10$aItaliano-Tedesco. 300 $aXXII, 1528 p. 773 0 $tZionario delle lingue italiana e tedesca.$dFirenze ; Roma : Sansoni ; Wiesbaden : Brandstetter, 1984.$b2. ed. corretta e ampliata$kGrandi dizionari Sansoni$gParte1$w()7043 850 $aSeMil 852 $aSeMil$W1$xVenegono$y1$m1P VI 28/1$j269472$B55035$CSeMilBibl$Z2$F59723 $81 996 $6245$aItaliano-Tedesco$9(OLS)http://semarc/title/120360